Science Quiz

Random Science Quiz

Psychology 101 Quiz Stats

 Plays Quiz not verified by Sporcle

Challenge
Share
Tweet
Embed
Score 0/15 Timer 10:00
0 Plays Today
Hint Psychology terms % Correct
Third stage of psychosexual development...Phallic
72.1%
A defense mechanism in which a person's thoughts are attributed to another...Projection
40.8%
Safety needs come after....Physiological needs
34.1%
If a patient treats their therapist as a parent...transference
22.3%
Third stage in sexual responses...(Masters & Johnson)Orgasm
20.7%
Freud believes anxiety is caused by...ID
20.1%
A type of therapy that enforces unconditional positive regard...client centered
18.4%
Negative action towards a group is...discrimination
16.2%
Hint Psychology terms % Correct
Lesioning of this area of the brain = no desire to eatlateral hypothalamus
15.6%
Paraventricular Nucleus modulates...Hunger
12.3%
A type of behavior therapy that helps with addiction problems...aversion therapy
11.7%
In men, the biological investment is...Minimal
9.5%
Body Mass Index is...Weight divided by height
8.4%
In achievement, the idea of doing something to do a good job at it is...work motive
6.1%
Type of schizophrenia characterized by disordered thinking...Undifferentiated
5.6%

You're not logged in!

Compare scores with friends on all Sporcle quizzes.
OR
Log In

You Might Also Like...

Show Comments

Extras

Created Jun 14, 2010ReportNominate
Tags:101, psychology, term

Top Quizzes Today


Score Distribution

Your Account Isn't Verified!

In order to create a playlist on Sporcle, you need to verify the email address you used during registration. Go to your Sporcle Settings to finish the process.

Report this User

Report this user for behavior that violates our Community Guidelines.

Details: